书目信息 |
| 题名: |
奥林匹克
|
|
| 作者: | ;人民体育出版社 编 | |
| 分册: | ||
| 出版信息: | 北京 人民体育出版社 1980 |
|
| 页数: | 96页 | |
| 开本: | 26cm | |
| 丛书名: | 世界体坛丛书 | |
| 单 册: | ||
| 中图分类: | G811.1 | |
| 科图分类: | ||
| 主题词: | 体育事业--语言教学--语言读物--奥林匹克--世界 | |
| 电子资源: | ||
| ISBN: | ||
| 000 | 00675oam2 2200229 45 | |
| 001 | 020000021177 | |
| 005 | 20070918164949.15 | |
| 010 | @dCNY0.52 | |
| 100 | @a20041019e1980 ekmy0chiy0120 ea | |
| 101 | 2 | @achi |
| 102 | @aCN@b110000 | |
| 105 | @aa z 000yy | |
| 200 | 1 | @a奥林匹克@Aao lin pi ke@f人民体育出版社编@Fren min ti yu chu ban she bian |
| 210 | @a北京@c人民体育出版社@d1980 | |
| 215 | @a96页@d26cm | |
| 225 | 2 | @a世界体坛丛书@v1 |
| 410 | @12001 @a世界体坛丛书 | |
| 606 | 0 | @a体育事业@x语言教学@x语言读物@x奥林匹克@x世界 |
| 690 | @aG811.1@v4 | |
| 711 | 0 | @a人民体育出版社@Aren min ti yu chu ban she@4编 |
| 801 | 0 | @aCN@bCXYBOOK@c20070918 |
| 905 | @dG811.1@e1 | |
| 奥林匹克/人民体育出版社编.-北京:人民体育出版社,1980 |
| 96页;26cm.-(世界体坛丛书;1) |
| ISBN :CNY0.52 |
| ● |
| 相关链接 |
|
|
|
|
正题名:奥林匹克
索取号:G811.1/1
 
预约/预借
| 序号 | 登录号 | 条形码 | 馆藏地/架位号 | 状态 | 备注 |
| 1 | 0055013 | 000298715 | 密集书库/ [索取号:G811.1/1] | 在馆 | |
| 2 | 0055014 | 202388567 | 密集书库/ [索取号:G811.1/1] | 在馆 | |
| 3 | 0055015 | 202340804 | 密集书库/ [索取号:G811.1/1] | 在馆 |